Reglament / Centre de Lectura
Descripción Física:
35 p. ; 10 cm
MARC
| LEADER | 00000nam a2200000Ia 4500 | ||
|---|---|---|---|
| 001 | 21436 | ||
| 008 | 160829s1934 xx 000 0 cat d | ||
| 080 | |a RF-12-65 | ||
| 100 | |a Centre de Lectura (Reus) |9 47704 | ||
| 245 | |a Reglament / Centre de Lectura | ||
| 260 | |a Reus : |b Imp. Foment, |c 1934 | ||
| 300 | |a 35 p. ; |c 10 cm | ||
| 590 | |a Signatura manuscrita del secretari del Centre Rafael Mestres Llevat. | ||
| 590 | |a Prové de Q-275, exp. 60 | ||
| 650 | |a Centre de Lectura (Reus) |x Reglaments i procediment |9 47705 | ||
| 856 | 4 | |u https://media.diba.cat/diba/fitxers/arxiu/fulletons/bib_21436_1934_baixa.pdf |y Accés lliure | |
| 856 | 4 | |u https://media.diba.cat/diba/fitxers/arxiu/fulletons/bib_21436_1934_baixa.pdf |y Accés lliure | |
| 901 | |a Arxiu | ||
| 942 | |n 1 |2 udc | ||
| 952 | |0 0 |1 0 |4 0 |6 RF1265 |7 1 |9 54048 |a Arxiu |b Arxiu |d 2016-12-01 |l 0 |o RF-12-65 |p 21436 |r 2016-12-01 00:00:00 |w 2016-12-01 |y ARXIU | ||
| 999 | |c 57916 |d 57916 | ||
| 900 | |a bib_21436_1934_baixa.pdf | ||